Представление документа в формате MARC21

Поле Инд. ПП Название Значение
Тип записи a
Библиографический уровень b
001 Контрольный номер RU/IS/BASE/440766563
005 Дата корректировки 20210830151434.1
008 Кодируемые данные 20131219
040 b Код языка каталог. rus
e Правила каталог. PSBO
041 0_ a Код языка текста rus
084 a Индекс другой классификации/Индекс ББК 87.3(4Гем)6
100 1_ a Автор Вольтерс Ф.
q Полное имя Вольтерс Фридрих
245 10 a Заглавие Господство и служение
c Ответственность перевод с немецкого А. В. Михайловского
650 14 a Основная рубрика история философии
a Основная рубрика философия
653 0_ a Ключевые слова "Круг Георге"
a Ключевые слова XX век
a Ключевые слова Веймарская республика
a Ключевые слова властители
a Ключевые слова власть
a Ключевые слова вожди
a Ключевые слова Германия
a Ключевые слова господство
a Ключевые слова империя
a Ключевые слова политика
a Ключевые слова политическая философия (философия политики)
a Ключевые слова политические идеи
700 12 a Автор Михайловский А. В.
e Роль лиц переводчик
q Полное имя Михайловский Александр Владиславович
773 08 t Заглавие источника Вопросы философии
d Дата издания источника 2013
g Прочая информация № 5. - С. 161 - 163
w Контрольный № источника RU/IS/BASE/424277693
901 t Тип документа b